Statistics for Spider-Man Web of Shadows Heroes/Villains

Click here to take the quiz!

General Stats

  • This quiz has been taken 36 times
  • The average score is 9 of 13

Answer Stats

Answer% Correct
Spider-Man
95%
Venom
95%
Black Cat
86%
Vulture
81%
Electro
76%
Kingpin
71%
Luke Cage
67%
Rhino
67%
Wolverine
67%
Mary Jane Watson
62%
Moon Knight
48%
Black Widow
43%
Tinkerer
29%

Score Distribution

Percentile by Number Answered

Percent of People with Each Score

Your Score History

You have not taken this quiz